Kadra Polski Na Euro 2020 - Statystyki

Ogólne statystyki
  • Ten quiz został rozwiązany 1 224 razy
  • Średni wynik to 17 z 25
Statystyki odpowiedzi
Hint Odpowiedź % Poprawnych
Bramkarz Szczęsny
100%
Napastnik Lewandowski
97%
Obrońca Glik
95%
Bramkarz Fabiański
94%
Bramkarz Skorupski
90%
Obrońca Bednarek
89%
Pomocnik Krychowiak
89%
Pomocnik Zieliński
87%
Napastnik Świderski
84%
Obrońca Bereszyński
81%
Pomocnik Linetty
70%
Pomocnik Jóźwiak
67%
Pomocnik Moder
67%
Obrońca Puchacz
67%
Obrońca Rybus
66%
Pomocnik Klich
57%
Pomocnik Frankowski
55%
Pomocnik Kozłowski
54%
Napastnik Kownacki
53%
Obrońca Kędziora
52%
Napastnik Świerczok
52%
Pomocnik Dawidowicz
48%
Obrońca Helik
48%
Pomocnik Płacheta
44%
Obrońca Piątkowski
34%
Nie znaleziono quizów pasujących do podanych kryteriów
Rozkład punktacji
Procent ludzi z każdym wynikiem
Percentyl według liczby udzielonych odpowiedzi
Twoja historia wyników
Nie rozwiązałeś tego quizu